Not a fair explanation (Record no. 73851)

MARC details
000 -LEADER
fixed length control field 01789cam a2200301 4500
001 - CONTROL NUMBER
control field ABS67272
008 - FIXED-LENGTH DATA ELEMENTS--GENERAL INFORMATION
fixed length control field 031125n2003 000 0 eng u
035 ## - SYSTEM CONTROL NUMBER
System control number (Sirsi) u124462
100 ## - MAIN ENTRY--PERSONAL NAME
Personal name Murdoch, S.
245 ## - TITLE STATEMENT
Title Not a fair explanation
260 ## - PUBLICATION, DISTRIBUTION, ETC.
Date of publication, distribution, etc. 2003
490 ## - SERIES STATEMENT
Series statement Estates Gazette
Volume/sequential designation (0344) 1 November 2003, 167(1)
520 ## - SUMMARY, ETC.
Summary, etc. Although the number of properties subject to Rent Act tenancies is diminishing, the way in which fair rents are assessed for those remaining, continues to be significant. Fair rents are normally determined by reference to market rents from assured shorthold tenancies as comparables, using physical differences in properties, tenants' improvements and scarcity for discounting down to a fair rent for the subject property. In the recent decision "R v London Rent Assessment Committee ex p Wolters (London) Ltd" ([2003] EWHC 1465 (Admin), Abs67271), the respondent Rent Assessment Committee (RAC) failed to provide adequate reasons for and explanation of the way it made its adjustments. In particular, in its treatment of discounts for scarcity, it did not explain properly the locality being used to ensure that it is not discounting for amenity rather than disregarding scarcity. The RAC's decision was quashed and remitted for re-determination.
590 ## - LOCAL NOTE (RLIN)
Local note ABS
650 ## - SUBJECT ADDED ENTRY--TOPICAL TERM
Topical term or geographic name entry element DISCOUNTS
650 ## - SUBJECT ADDED ENTRY--TOPICAL TERM
Topical term or geographic name entry element MARKET RENTS
650 ## - SUBJECT ADDED ENTRY--TOPICAL TERM
Topical term or geographic name entry element SCARCITY
650 ## - SUBJECT ADDED ENTRY--TOPICAL TERM
Topical term or geographic name entry element AMENITY VALUE
650 ## - SUBJECT ADDED ENTRY--TOPICAL TERM
Topical term or geographic name entry element RENT ACT 1977
650 ## - SUBJECT ADDED ENTRY--TOPICAL TERM
Topical term or geographic name entry element FAIR RENTS
650 ## - SUBJECT ADDED ENTRY--TOPICAL TERM
Topical term or geographic name entry element RENT ACT 1977 S70(2)
650 ## - SUBJECT ADDED ENTRY--TOPICAL TERM
Topical term or geographic name entry element RENT ACT TENANCIES
650 ## - SUBJECT ADDED ENTRY--TOPICAL TERM
Topical term or geographic name entry element ASSURED TENANCIES
650 ## - SUBJECT ADDED ENTRY--TOPICAL TERM
Topical term or geographic name entry element ASSURED SHORTHOLD TENANCIES
650 ## - SUBJECT ADDED ENTRY--TOPICAL TERM
Topical term or geographic name entry element R V LONDON RENT ASSESSMENT COMMITTEE AND OTHERS EX P WOLTERS (LONDON) LTD
690 ## - LOCAL SUBJECT ADDED ENTRY--TOPICAL TERM (OCLC, RLIN)
Topical term or geographic name as entry element LANDLORD AND TENANT-RESIDENTIAL TENANCIES-CASE LAW
942 ## - ADDED ENTRY ELEMENTS (KOHA)
Suppress in OPAC 0
Holdings
Withdrawn status Lost status Source of classification or shelving scheme Damaged status Not for loan Home library Current library Shelving location Date acquired Total Checkouts Full call number Barcode Date last seen Copy number Price effective from Koha item type
    Dewey Decimal Classification     London London Journal article 25/11/2003   ABS67272 124462-1001 06/08/2019 1 06/08/2019 Journal article